000 00249nam a2200097Ia 4500
001 675294
005 20250826160938.0
008 250824s9999 xx 000 0 und d
245 0 _aDOĞANIN BİR YILI ŞUBAT
_cRUTH SYMONS
260 _bTÜBİTAK YAYINLARI
999 _c675294
_d675294